Detalles MARC
| 000 -CABECERA |
| campo de control de longitud fija |
02104nam a2200289 i 4500 |
| 003 - IDENTIFICADOR DEL NÚMERO DE CONTROL |
| campo de control |
DO-SdBNP |
| 005 - FECHA Y HORA DE LA ÚLTIMA TRANSACCIÓN |
| campo de control |
20250710135913.0 |
| 007 - CAMPO FIJO DE DESCRIPCIÓN FÍSICA--INFORMACIÓN GENERAL |
| campo de control de longitud fija |
ta |
| 008 - DATOS DE LONGITUD FIJA--INFORMACIÓN GENERAL |
| campo de control de longitud fija |
250710b2025 dr o|||| |||| 00| 0 spa d |
| 020 ## - NÚMERO INTERNACIONAL ESTÁNDAR DEL LIBRO |
| Número Internacional Estándar del Libro |
9789945807790 |
| 040 ## - FUENTE DE LA CATALOGACIÓN |
| Centro catalogador/agencia de origen |
DO-SdBNP |
| Lengua de catalogación |
spa |
| Centro/agencia transcriptor |
BNPHU |
| Normas de descripción |
rda |
| 041 ## - CÓDIGO DE LENGUA |
| Código de lengua del texto/banda sonora o título independiente |
spa |
| 082 ## - NÚMERO DE LA CLASIFICACIÓN DECIMAL DEWEY |
| Número de clasificación |
xxx |
| Número de documento/Ítem |
J61 |
| Número de edición |
22 |
| 100 1# - ENTRADA PRINCIPAL--NOMBRE DE PERSONA |
| Nombre de persona |
Jiménez Clemente, Bernarda |
| Término indicativo de función/relación |
autora |
| Código de función/relación |
aut. |
| 9 (RLIN) |
82930 |
| 245 10 - MENCIÓN DE TÍTULO |
| Título |
Lucrecia Pérez : |
| Resto del título |
del vaticinio de un crimen a la primera migración laboral de dominicanos a España / |
| Mención de responsabilidad, etc. |
Bernarda Jiménez |
| 250 ## - MENCIÓN DE EDICIÓN |
| Mención de edición |
Tercera edición, revisada y ampliada |
| 264 ## - PRODUCCIÓN, PUBLICACIÓN, DISTRIBUCIÓN, FABRICACIÓN Y COPYRIGHT |
| Producción, publicación, distribución, fabricación y copyright |
Santo Domingo : |
| Nombre del de productor, editor, distribuidor, fabricante |
Editora Búho, |
| Fecha de producción, publicación, distribución, fabricación o copyright |
2025. |
| 300 ## - DESCRIPCIÓN FÍSICA |
| Extensión |
288 páginas |
| Otras características físicas |
retratos |
| Dimensiones |
23 cm. |
| 336 ## - TIPO DE CONTENIDO |
| Término de tipo de contenido |
texto |
| Código de tipo de contenido |
txt |
| Fuente |
rdacontent |
| 337 ## - TIPO DE MEDIO |
| Nombre/término del tipo de medio |
sin mediación |
| Código del tipo de medio |
n |
| Fuente |
rdamedia |
| 338 ## - TIPO DE SOPORTE |
| Nombre/término del tipo de soporte |
volumen |
| Código del tipo de soporte |
nc |
| Fuente |
rdacarrier |
| 500 ## - NOTA GENERAL |
| Nota general |
Incluye datos biografícos de la autora en la contraportada. |
| 520 ## - SUMARIO, ETC. |
| Sumario, etc. |
El año 2002 fue un año muy significativo para el Colectivo de Inmigrantes Dominicanos en España. Justo en este año, se cumplió el Décimo Aniversario del asesinato de Lucrecia Pérez Matos, víctima de la xenofobia y el racismo, coincidiendo con el aniversario jurídico de la fundación de la ONG sin fines de lucro Asociación Voluntariado Madres Dominicanas- Voluntariado Colectivos Integrados de Trabajadores (VOMADE-VINCIT). Motivos, más que justificados, para celebrar el primer Congreso de Asociaciones de Inmigrantes Dominicanos en el Mundo, que tuvo lugar en El Escorial, los días 8 y 9 de noviembre de 2002.<br/>El tiempo, inexorable, se lleva casi siempre los hechos que dan sustancia a la historia. Muchas veces se ha repetido que los pueblos que olvidan su historia se despersonalizan, se anquilosan, se convierten en sombras buscando siempre el equilibrio; la serenidad precisa para formar opinión sin tergiversar. Aquí se narran más de diez años de historia, de hombres y mujeres oriundos de un país inmensamente rico y hermoso que los expulsa por querer ejercer sus derechos de alcanzar una vida mejor. |
| 590 ## - NOTA LOCAL (RLIN) |
| Nota local |
Inventariado, 2025/ YL |
| 910 ## - DATOS DE OPCIÓN DEL USUARIO (OCLC) |
| Datos de opción del usuario |
YLockward |
| 942 ## - ELEMENTOS DE PUNTO DE ACCESO ADICIONAL (KOHA) |
| Fuente del sistema de clasificación o colocación |
Dewey Decimal Classification |
| Tipo de ítem Koha |
Libro |